00310nam a2200097 a 4500008004100000050002200041100002700063245002400090260008900114350000900203120416s2001 ||||||||||||||||| || u aCBU-UG THESIS/BWA aBwalya, Bwale Chitenta10aLusaka Country Club aKitwebCopperbelt University, School of Technology, Department of Architecturec2001 a0.00